Nombre de pokémons 4g par type - Statistiques

Statistiques générales
  • Ce quiz a été pris 12 fois
  • Le résultat moyen est 12 sur 18
Statistiques - réponses
Hint Réponse % Correct
Acier dialga archéodong lucario magnézone heatran cheniselle bastiodon tarinorme
100%
Dragon dialga carchacrok palkia giratina
73%
Psy archeodong crehelf crefollet crefadet cresselia gallame
64%
Normal capidextre lockpin chaffreux coudlangue porygon-z regigigas castorno arceus etouraptor pijako
64%
Sol carchacrok tritosor mammochon cheniselle torterra hippodocus rhinastoc scorvol
64%
Roche charkos bastiodon tarinorme rhinastoc
64%
Electrik luxray pachirisu elekable magnezone motisma
64%
Glace motisma givrali mammochon momartik blizzaroi dimoret
64%
Fée togekiss
64%
Combat lucario simiabraz coatox gallame
64%
Insecte melokrik cheniselle papilord apireine yanmega
64%
Plante motisma cheniselle ceriflor vortente bouldeneu phylalli shaymin blizzaroi roserade torterra
64%
Feu motisma maganon simiabraz heatran
64%
Spectre motisma momartik magireve noctunoir giratina spiritomb grodrive
64%
Vol motisma togekiss papilord apireine yanmega etouraptor pijako shaymin scorvol grodrive corboss
64%
Ténèbres moufflair drascore spiritomb darkrai dimoret corboss
64%
Eau musteflott lumineon phione manaphy pingoleon palkia tritosormotisma lavage castorno
64%
Poison roserade coatox moufflair drascore
64%
Aucun quiz correspondant
Distribution des résultats
% des personnes avec chaque résultat
Percentile par nombre de réponses
Votre historique - résultats
Vous n’avez pas pris ce quiz